Quick Pick: Entertainment Smells Quiz Stats

 Plays Quiz Updated Oct 20, 2017

Challenge
Share
Tweet
Embed
Score 0/12 Timer 01:30
1 Play Today
% Correct
Smell-O-Vision
91.5%
Pepé Le Pew
89.6%
Smells Like Teen Spirit
85.5%
Yo homes smell ya later
84.6%
Stinky Pete
84.3%
Smelly Cat
80.7%
Take Your Stinkin' Paws Off Me
72.8%
Smelled like...victory.
66.9%
Love Stinks
61.5%
Wake Up and Smell the Coffee
49.6%
Life Stinks
49%
That Smell
40.1%

Today's Daily Dose

You're not logged in!

Compare scores with friends on all Sporcle quizzes.
Join for Free
OR
Log In

You Might Also Like...

Show Comments

Extras

Top Quizzes Today


Score Distribution

Your Account Isn't Verified!

In order to create a playlist on Sporcle, you need to verify the email address you used during registration. Go to your Sporcle Settings to finish the process.

Report this User

Report this user for behavior that violates our Community Guidelines.

Details: